000 00583cam a22002053a 4500
001 40505
003 PGUSA
005 20140828083914.0
008 120814s2012||||xxu|||||s|||||000 | eng d
040 _aPGUSA
_beng
042 _adc
100 1 _aHess, Alfred Fabian,
_d1875-1933
245 1 0 _aScurvy Past and Present
_h[electronic resource] /
_cAlfred Fabian Hess
260 _bProject Gutenberg,
_c2012
506 _aPublic domain in the USA.
516 _aElectronic text
830 0 _aProject Gutenberg
_v40505
856 4 0 _uhttp://www.gutenberg.org/ebooks/40505
942 _cEB
999 _c269758
_d269758